| 000 | 009210am a22003010004500 | ||
|---|---|---|---|
| 003 | EG-GiCUC | ||
| 008 | 740713s1974 maua b 001 0 eng | ||
| 010 | _a 73020921 | ||
| 040 |
_aDLC _cDLC _dDLC |
||
| 043 | _ae-uk--- | ||
| 050 | 0 | 0 |
_aJN234 1974 _b.R6 1974 |
| 092 | 0 | 4 |
_a320.941 _bR7975 1974 _221 |
| 099 |
_a04 _a320.941 R7975 1974 |
||
| 100 | 1 |
_aRose, Richard, _d1933- |
|
| 245 | 1 | 0 |
_aPolitics in England; _ban interpretation. |
| 250 | _a2d ed. | ||
| 260 |
_aBoston, _bLittle, Brown _c[1974] |
||
| 300 |
_axiv, 448 p. _billus. _c21 cm. |
||
| 490 | 0 | _aThe Little, Brown series in comparative politics | |
| 500 | _aAt head of title: A country study. | ||
| 504 | _aBibliography: p. 440-441. | ||
| 651 | 0 |
_aGreat Britain _xPolitics and government. |
|
| 902 | _a1 | ||
| 905 |
_aEman _eRev |
||
| 905 |
_aMnal _eCat |
||
| 942 |
_2ddc _cBK |
||
| 999 |
_c107472 _d107472 |
||